Buddha : ca. 560-480 a.C. /
Na minha lista:
| Autor principal: | |
|---|---|
| Formato: | Livro |
| Idioma: | espanhol |
| Publicado em: |
Madrid, España :
Ediciones del Orto,
1998, c1998
|
| Colecção: | (Biblioteca Filosófica)
|
| Assuntos: | |
| Tags: |
Sem tags, seja o primeiro a adicionar uma tag!
|
MARC
| LEADER | 00000nam^a2200000^a^4500 | ||
|---|---|---|---|
| 001 | 000111589 | ||
| 005 | 20250521000000.0 | ||
| 009 | 20260310093837.049 | ||
| 020 | |a 84-7923-164-5 | ||
| 037 | |a Acervo ITESO - Biblioteca | ||
| 041 | |a ESP | ||
| 082 | |a 140. 92 |b BIB V. 14 | ||
| 100 | |a Vélez de Cea, Abraham |e (autor) | ||
| 245 | 1 | 0 | |a Buddha : |b ca. 560-480 a.C. / |c A. Vélez de Cea. |
| 264 | 4 | |a Madrid, España : |b Ediciones del Orto, |c 1998, c1998 | |
| 300 | |a 92 p. | ||
| 336 | |a texto |b txt |2 rdacontenido | ||
| 337 | |a sin mediación |b n |2 rdamedio | ||
| 338 | |a volumen |b nc |2 rdasoporte | ||
| 440 | 1 | |a (Biblioteca Filosófica) | |
| 649 | |a XX | ||
| 650 | |a Fundadores de Religiones | ||
| 650 | |a Budismo | ||
| 650 | |a Filosofías Orientales | ||
| 650 | |a Religión | ||
| 600 | |a Buda | ||
| 910 | |a Fondo General | ||
| 920 | |a Impresos - Libros | ||
| 930 | |a Colección General | ||
| 905 | |a 101 | ||
| 901 | |a 0500048652 |b IT1 |c ACC |u 20250521 | ||
| 902 | |a https://opac.biblio.iteso.mx/vufind/Record/000111589 | ||